000 01072nam a2200265Ia 4500
003 OSt
005 20221005111438.0
006 a|||||r|||| 00| 0
007 ta
008 221004b |||||||| |||| 00| 0 hin d
020 _a8170559040 (hbk)
_c95
024 _a104426
037 _b371, 17/02/2011, Vani Prakashan
_cTextual
040 _aCRL
_cCRL
_bhin
041 _2hin
_ahin
082 _aO152,1N26x, P8
100 _aगोपालदास ‘नीरज’
245 0 _aहमारे लोकप्रिय गीतकार गोपालदास ‘नीरज’
246 _aHamāre lokapriya gītakār gopāladās ‘nīraja’
260 _aनई दिल्ली
_bवाणी प्रकाशन भारत
_c2008
300 _a131पृ0
_ccm.
700 _a गर्ग, शेरजंग, संपा.
942 _hO152,1N26x, P8
_cTEXL
_2cc
999 _c1021857
_d1021857